| 000 | 01247nam a2200265Ia 4500 | ||
|---|---|---|---|
| 999 |
_c37990 _d37990 |
||
| 001 | 3974 | ||
| 003 | GE_BSU | ||
| 005 | 20190902171353.0 | ||
| 008 | 181216s1963||||ge |||||||||||||| ||geo|| | ||
| 040 | _cGE_BSU | ||
| 041 | _ageo | ||
| 080 | _a336.7+336.1 ქ–62 | ||
| 100 |
_aქოიავა, ნიკოლოზ _93871 |
||
| 245 |
_aფულის მიმოქცევა, კრედიტი და ფინანსები : _bXVIII საუკუნის ქართლ–კახეთში / _cრედ.: დ. გვრიტიშვილი. |
||
| 264 |
_a თბ. : _bთბილ. უნ-ტის გამ-ბა, _c1963. |
||
| 300 |
_a251 გვ.; _b 23 სმ. |
||
| 504 | _a ბიბლიოგრ. შენიშვნებში. | ||
| 541 | _h2 ლ. | ||
| 653 | _aფულის მიმოქცევა საქართველოში | ||
| 653 | _aკრედიტი საქართველოში | ||
| 653 | _aფინანსები საქართველოში | ||
| 653 | _aსაქართველოს ისტორია, XVIII ს. | ||
| 700 |
_aგვრიტიშვილი, დ. _eრედაქტორი _93872 |
||
| 942 |
_cBK _2udc |
||